• 首页
  • 本馆介绍
  • 公告通知
  • 最新文献
  • 馆藏检索
  • 电子资源
  • 读者导购
  • 参考咨询
  • 我的图书馆
  • 登录
  • 详细信息显示
  • 放入我的书架
  • 预约/预借图书
  • 作者相关作品
  • 分类相关作品
  • 丛书相关作品
  • 出版社相关作品

书目信息

  • 表格格式
  • 工作单格式
  • 卡片格式
题名:
古今歇后语选释
    
 
作者: 宁榘 著
分册:  
出版信息: 武汉   湖北人民出版社  1982
页数: 242页
开本: 19cm
丛书名:
单 册:
中图分类: H136.2
科图分类:
主题词: 汉语--语义 , 汉语--语义学 , 汉语--词汇 , 训诂
电子资源:
ISBN:
000 00693nam0 2200277 45
001 0182001812
005 20040420102146.4
010    @dCNY0.64
091    @a7106.1623
100    @a19950530d1982 em y0chiy0121 ea
101 0  @achi
102    @aCN@b420000
105    @ay z 000yy
106    @ar
200 10 @a古今歇后语选释@Agu jin xie hou yu xuan shi@f宁榘著
210    @a武汉@c湖北人民出版社@d1982
215    @a242页@d19cm
606 0  @a汉语@x语义
606 0  @a汉语@x语义学
606 0  @a汉语@x词汇
606 0  @a训诂
690    @aH136.2
701  0 @a宁榘@Aning ju@4著
801  0 @aCN@b上海图书馆@c20040420
801  2 @aCN@bNLC@c20040420
905    @f2@b209035-036@dH136.2@e132
    
    古今歇后语选释/宁榘著.-武汉:湖北人民出版社,1982
    242页;19cm
    
    
    ISBN :CNY0.64
    
●
相关链接 在E读中查询图书 在五车中查询图书 在当当中查询图书 在豆瓣中查询图书


正题名:古今歇后语选释     索取号:H136.2/132         预约/预借

序号 登录号 条形码 馆藏地/架位号 状态 备注
1 0209035   000837045   第四借阅区/ [索取号:H136.2/132] 在馆    
2 0209036   000837009   第四借阅区/ [索取号:H136.2/132] 在馆    
3 0209037   000837116   第二样本阅览室/ [索取号:H136.2/132] 在馆    
唐山师范学院图书馆 欢迎您!
大连网信软件有限公司© 版权所有